000 00465nam a22001697a 4500
005 20240109150802.0
008 190606b xxu||||| |||| 00| 0 eng d
020 _a978-93-87686-27-4
041 _aeng
100 _aBHISE, DR. S.B.,BHISE,M.S.,AND PANCHAL DR. ISHAN .I
_98361
245 _aA TEXTBOOK OF BIOCHEMISTRY FOR PHARMACISTS
250 _a1st , 2018
260 _aPUNE
_bNIRALI PRAKASHAN
300 _aA.8p,
650 _aPHARMACY
_xB.PHARMA
942 _cBK
999 _c5957
_d5955